000 00513nam a22001697a 4500
003 OSt
008 260508b |||||||| |||| 00| 0 eng d
082 _a633.15
_bA61E
100 _aPrasad, Aniruddh
245 _aEffect of Different Water Soluble Phosphorus Carriers on Winter Maize (Zea mays L.) Cultivars under Different Crop Densities
260 _aSabour, Bhagalpur
_bBihar Agricultuural College
_c1987
300 _a91P.
502 _bMsc.
_d1987
650 _aAgronomy
650 _aMsc.
942 _2ddc
_cT
999 _c50500
_d50500